000 00508nam a2200181Ia 4500
003 OSt
005 20200810110641.0
008 190216s9999||||xx |||||||||||||| ||und||
020 _a8175564776
040 _coclc
082 _a658.4034
_bGOE/O
100 _aGoel, B S
_91528
245 0 _aOperations Research /
_cB S Goel ; S K Mittal
250 _a20th Ed.
260 _bPragathi Prakashan,
_aMeerut:
_c2003.
300 _a996p
942 _cBK
_2ddc
_h658.4034
_iGOE/O
_k658.4034
_mGOE/O
999 _c7002
_d7002